[Event "11. Lovsprings EMT Basis 2 2000"]
[Site "Ringsted"]
[Date "2000.04.28"]
[Round "5"]
[White "Jensen, Arne Skov"]
[Black "Carracher, Jim"]
[Result "1-0"]
[WhiteElo "1331"]
[BlackElo "1320"]
[PlyCount "95"]
[EventDate "2000.??.??"]

1. c4 f5 2. Nf3 Nf6 3. Nc3 Nc6 4. d4 e6 5. Bg5 Be7 6. g3 h6 7. Bf4 g5 8. Be5 d6
9. Bxf6 Bxf6 10. e3 g4 11. Nd2 Bd7 12. Qb3 b6 13. Bg2 Na5 14. Qc2 Nc6 15. a3 e5
16. dxe5 Bxe5 17. O-O h5 18. Bxc6 Bxc6 19. Qxf5 Qf6 20. Qxf6 Bxf6 21. Rac1
O-O-O 22. Rc2 h4 23. Nd5 Be5 24. Ne7+ Kb7 25. Nxc6 Kxc6 26. Ne4 Rh5 27. Kg2
Rdh8 28. Rh1 d5 29. cxd5+ Kxd5 30. Nc3+ Ke6 31. Nb5 c5 32. Nxa7 h3+ 33. Kf1 Rd8
34. Ke2 Rf5 35. Rd1 Rdf8 36. Kf1 R8f7 37. Nb5 c4 38. Nc3 b5 39. Nxb5 Bxg3 40.
Nd4+ Ke5 41. Nxf5 Rxf5 42. hxg3 Ke4 43. Rxc4+ Kf3 44. Rf4+ Rxf4 45. exf4 h2 46.
Rd3+ Ke4 47. Re3+ Kf5 48. Kg2 1-0

[Event "11. Lovsprings EMT Basis 2 2000"]
[Site "Ringsted"]
[Date "2000.04.28"]
[Round "5"]
[White "Krag Jacobsen, Alan"]
[Black "Jorgensen, Morten"]
[Result "0-1"]
[WhiteElo "1297"]
[BlackElo "1519"]
[PlyCount "144"]
[EventDate "2000.??.??"]

1. d4 Nf6 2. c4 g6 3. Nc3 d5 4. cxd5 Nxd5 5. e4 Nxc3 6. bxc3 Bg7 7. Nf3 c5 8.
Bb5+ Bd7 9. Qb3 cxd4 10. Bb2 dxc3 11. Bxd7+ Qxd7 12. Bxc3 O-O 13. O-O Nc6 14.
Rad1 Qc7 15. Bxg7 Kxg7 16. Qb2+ e5 17. Rb1 Rab8 18. Rfc1 f6 19. Nd2 Rfd8 20.
Nf1 Qd6 21. Ne3 Qd3 22. Qc2 Qxc2 23. Rxc2 Nd4 24. Rc7+ Kg8 25. Nd5 Rd6 26.
Rcxb7 Rxb7 27. Rxb7 Ra6 28. Rb2 Kf7 29. f3 Ra5 30. Nc3 Ke6 31. Nd5 f5 32. Nc3
Ra3 33. Nd5 Kd6 34. Kf1 Kc5 35. Nb4 Kc4 36. Nc2 Rc3 37. Ne1 a5 38. Rb8 Ra3 39.
Rc8+ Kb5 40. Rb8+ Ka4 41. Rb2 Rc3 42. Rd2 Ka3 43. Nd3 Nc6 44. Ke1 a4 45. Kd1
Nb4 46. Nc1 f4 47. Re2 g5 48. h3 h5 49. Rd2 h4 50. Re2 Nc6 51. Rd2 Nb4 52. Re2
Nc6 53. Rd2 Kb4 54. Nd3+ Ka5 55. Nc1 Rc4 56. Rd5+ Kb6 57. Rd2 Rd4 58. Nd3 Kb5
59. Kc1 Nb4 60. Nxb4 Rxd2 61. Kxd2 Kxb4 62. Kc2 Kc4 63. Kb2 Kd3 64. Ka3 Ke2 65.
Kxa4 Kf2 66. Kb4 Kxg2 67. a4 Kxf3 68. a5 Kg2 69. a6 f3 70. a7 f2 71. a8=Q f1=Q
72. Qa2+ Kxh3 0-1

[Event "11. Lovsprings EMT Basis 2 2000"]
[Site "Ringsted"]
[Date "2000.04.28"]
[Round "5"]
[White "Larsen, Jesper Dyberg"]
[Black "Wagner, Tim"]
[Result "1-0"]
[WhiteElo "1489"]
[BlackElo "1261"]
[PlyCount "75"]
[EventDate "2000.??.??"]

1. d4 d5 2. c4 Nf6 3. Nc3 e6 4. Bg5 Be7 5. e3 Nc6 6. Nf3 h6 7. Bh4 g5 8. Bg3
Nh5 9. Ne5 Nxg3 10. Nxc6 bxc6 11. hxg3 c5 12. cxd5 exd5 13. dxc5 c6 14. Rc1 Qa5
15. Qd4 f6 16. Bd3 Kf7 17. b4 Qc7 18. e4 dxe4 19. Bc4+ Kg7 20. Qxe4 f5 21. Qe3
Bf6 22. Rd1 Ba6 23. Be6 f4 24. gxf4 gxf4 25. Qf3 Qe5+ 26. Ne4 Qxe6 27. Rd6 Qf5
28. Rxf6 Qxf6 29. Nxf6 Kxf6 30. Qxf4+ Ke7 31. Qd6+ Kf7 32. Qd7+ Kg6 33. Qxc6+
Kg5 34. Qxa6 Rad8 35. O-O h5 36. Re1 Rhf8 37. Qe6 Rd4 38. Qe5+ 1-0

[Event "11. Lovsprings EMT Basis 2 2000"]
[Site "Ringsted"]
[Date "2000.04.28"]
[Round "5"]
[White "Orup, Kim Amdi"]
[Black "Jensen, Dan Bronnum"]
[Result "0-1"]
[WhiteElo "1364"]
[BlackElo "1501"]
[PlyCount "126"]
[EventDate "2000.??.??"]

1. e4 c5 2. Bc4 Nc6 3. Nf3 d6 4. d4 cxd4 5. Nxd4 Nf6 6. Nc3 Bg4 7. f3 Bh5 8.
Bg5 e6 9. g4 Bg6 10. h4 h6 11. Bxf6 Qxf6 12. Bb5 Rc8 13. h5 Bh7 14. Qd2 Be7 15.
O-O-O O-O 16. Qe3 Qe5 17. f4 Qf6 18. Nxc6 bxc6 19. Bd3 Bd8 20. e5 dxe5 21.
Bxh7+ Kxh7 22. fxe5 Qe7 23. Qe4+ Kg8 24. Rd3 Qb7 25. b3 Be7 26. Rhd1 Rfd8 27.
Rxd8+ Bxd8 28. a4 Qe7 29. Nb1 Qc7 30. Qd4 Bg5+ 31. Nd2 Rd8 32. Qe4 Qd7 33. Qe2
Qd4 34. Kb1 Bf4 35. Qc4 Qxc4 36. bxc4 Rxd2 37. Re1 Rd4 38. Kb2 Rxc4 39. Kb3 Rc5
40. Re4 Bxe5 41. c4 Bf6 42. Re3 Kf8 43. Rd3 Ke7 44. Kb4 Rg5 45. Rb3 Kd7 46. Ka3
Kc7 47. Rg3 e5 48. Kb3 Be7 49. Re3 Bd6 50. Re4 f5 51. gxf5 Rxf5 52. Rg4 Rf7 53.
Kc3 Be7 54. Rg6 Bf6 55. c5 Rd7 56. Rg1 Rd4 57. Kb3 Rh4 58. a5 Rxh5 59. a6 e4
60. Kc4 e3 61. Kd3 Re5 62. Ke2 Rxc5 63. Kxe3 Ra5 0-1

[Event "11. Lovsprings EMT Basis 2 2000"]
[Site "Ringsted"]
[Date "2000.04.28"]
[Round "5"]
[White "Pedersen, Kaj Vinding"]
[Black "Jensen, Soren3"]
[Result "0-1"]
[WhiteElo "1509"]
[BlackElo "1531"]
[PlyCount "146"]
[EventDate "2000.??.??"]

1. d4 f5 2. Nf3 Nf6 3. Bf4 b6 4. e3 Bb7 5. h3 g6 6. Be2 Bg7 7. O-O Ne4 8. c4 c5
9. Nc3 cxd4 10. Nxd4 e5 11. Nxf5 gxf5 12. Bh5+ Kf8 13. Nxe4 Bxe4 14. Bg3 d6 15.
Qd2 Bf6 16. Rad1 Be7 17. Bxe5 dxe5 18. Qxd8+ Bxd8 19. Rxd8+ Kg7 20. Rfd1 Rxd8
21. Rxd8 Na6 22. Rd7+ Kh6 23. Be2 Nc5 24. Re7 Rd8 25. b4 Na4 26. f3 Bb1 27.
Rxe5 Rd2 28. Bf1 Rxa2 29. c5 bxc5 30. bxc5 Rc2 31. c6 Rxc6 32. Ra5 Nc3 33. Rxa7
Re6 34. e4 fxe4 35. fxe4 Bxe4 36. Bc4 Rg6 37. Ra6 Rxa6 38. Bxa6 Kg5 39. g3 h6
40. Bc8 Bf5 41. Bb7 Bxh3 42. Kf2 Bf5 43. Bc6 Ne4+ 44. Kf3 Nf6 45. Kf2 Be4 46.
Bb5 Kg4 47. Be2+ Kh3 48. Bf1+ Kh2 49. Be2 Bf5 50. Bd1 Ne4+ 51. Kf3 Nxg3 52. Kf4
Kh3 53. Bf3 Kh4 54. Bg2 Bg4 55. Bc6 Ne2+ 56. Ke5 Kg5 57. Be8 Bf5 58. Bc6 h5 59.
Bf3 Bg4 60. Bg2 h4 61. Ke4 Ng3+ 62. Ke3 Be2 63. Bh3 Bf1 64. Bc8 Nf5+ 65. Kf2
Bd3 66. Bb7 Kf4 67. Bg2 Be4 68. Bh3 Bf3 69. Bf1 Ng3 70. Bh3 Ne4+ 71. Kg1 Kg3
72. Bf1 Nd2 73. Bg2 Be4 0-1

[Event "11. Lovsprings EMT Basis 2 2000"]
[Site "Ringsted"]
[Date "2000.05.05"]
[Round "6"]
[White "Christensen, Michael"]
[Black "Orup, Kim Amdi"]
[Result "0-1"]
[WhiteElo "1232"]
[BlackElo "1364"]
[PlyCount "40"]
[EventDate "2000.??.??"]

1. e4 e6 2. Nf3 b6 3. d4 d5 4. e5 c5 5. c3 f6 6. Bb5+ Bd7 7. Bxd7+ Qxd7 8. O-O
f5 9. h3 Nc6 10. Re1 h6 11. Nh4 Nge7 12. Qh5+ Kd8 13. dxc5 bxc5 14. f4 Rg8 15.
Qe2 g5 16. fxg5 hxg5 17. Nf3 g4 18. hxg4 Rxg4 19. Be3 Ng6 20. Bxc5 Bxc5+ 0-1

[Event "11. Lovsprings EMT Basis 2 2000"]
[Site "Ringsted"]
[Date "2000.05.05"]
[Round "6"]
[White "Jensen, Dan Bronnum"]
[Black "Jensen, Soren3"]
[Result "1/2-1/2"]
[WhiteElo "1501"]
[BlackElo "1531"]
[PlyCount "101"]
[EventDate "2000.??.??"]

1. c4 f5 2. Nc3 e5 3. d3 Nf6 4. Bg5 g6 5. Nf3 Nc6 6. g3 b6 7. Bg2 h6 8. Bd2 Rb8
9. Nh4 Ne7 10. Nd5 Nfxd5 11. cxd5 d6 12. e4 g5 13. Qh5+ Kd7 14. Nxf5 Nxf5 15.
exf5 Qf6 16. Be4 Kd8 17. g4 Bd7 18. Qh3 Be7 19. Qg2 h5 20. h3 Qh6 21. O-O-O Bf6
22. Kb1 Ke7 23. f3 Qf8 24. Be3 h4 25. Qd2 Rg8 26. d4 Qg7 27. dxe5 Bxe5 28. Bd4
a5 29. Bxe5 Qxe5 30. Rde1 Kf7 31. Bc2 Qf6 32. Re3 Rge8 33. Rhe1 Rxe3 34. Rxe3
Rc8 35. Qd1 b5 36. Qd2 a4 37. a3 Re8 38. Rxe8 Bxe8 39. Qe2 Qe5 40. Qxe5 dxe5
41. Bd3 Ke7 42. Kc2 Kd6 43. Be4 Kc5 44. Kd3 Bf7 45. f6 Kd6 46. Kc3 Kc5 47. b3
Kd6 48. bxa4 bxa4 49. Kb4 Be8 50. Bd3 Bd7 51. Be4 1/2-1/2

[Event "11. Lovsprings EMT Basis 2 2000"]
[Site "Ringsted"]
[Date "2000.05.05"]
[Round "6"]
[White "Jorgensen, Morten"]
[Black "Petersen, Torben William"]
[Result "1-0"]
[WhiteElo "1519"]
[BlackElo "1393"]
[PlyCount "59"]
[EventDate "2000.??.??"]

1. d4 Nc6 2. e4 e5 3. Nf3 exd4 4. Nxd4 Bc5 5. Be3 Bb6 6. Be2 Qe7 7. Nxc6 bxc6
8. Bxb6 cxb6 9. Qd4 Nf6 10. Nc3 O-O 11. e5 c5 12. exf6 Qxe2+ 13. Nxe2 cxd4 14.
Nxd4 Re8+ 15. Kd2 g6 16. Rae1 Bb7 17. f3 Bd5 18. h3 Be6 19. g4 Rac8 20. g5 Kf8
21. h4 Rc4 22. c3 Rec8 23. h5 Kg8 24. hxg6 fxg6 25. Nxe6 dxe6 26. Rxe6 R4c7 27.
Rhe1 Rf8 28. Re7 Rxe7 29. Rxe7 Rf7 30. Rxf7 1-0

[Event "11. Lovsprings EMT Basis 2 2000"]
[Site "Ringsted"]
[Date "2000.05.05"]
[Round "6"]
[White "Krag Jacobsen, Alan"]
[Black "Carracher, Jim"]
[Result "0-1"]
[WhiteElo "1297"]
[BlackElo "1320"]
[PlyCount "36"]
[EventDate "2000.??.??"]

1. e4 e5 2. Nf3 Nc6 3. Bb5 Nge7 4. c3 a6 5. Ba4 b5 6. Bc2 d6 7. d4 Ng6 8. Be3
Nh4 9. O-O Bg4 10. Nbd2 Qd7 11. g3 Nxf3+ 12. Nxf3 Be7 13. d5 Nd8 14. Bd3 Bh3
15. Re1 h5 16. Ng5 h4 17. Qf3 Bg4 18. Qxf7+ Nxf7 0-1

[Event "11. Lovsprings EMT Basis 2 2000"]
[Site "Ringsted"]
[Date "2000.05.05"]
[Round "6"]
[White "Pedersen, Kaj Vinding"]
[Black "Larsen, Jesper Dyberg"]
[Result "1-0"]
[WhiteElo "1509"]
[BlackElo "1489"]
[PlyCount "57"]
[EventDate "2000.??.??"]

1. d4 d5 2. Nf3 Nf6 3. Bf4 e6 4. h3 Nbd7 5. e3 c5 6. c3 c4 7. Be2 Be7 8. O-O
Ne4 9. Qc2 Ndf6 10. Nbd2 Nxd2 11. Qxd2 Bd6 12. Ne5 Bxe5 13. dxe5 Ne4 14. Qd4
Qc7 15. Rfc1 Bd7 16. b4 cxb3 17. axb3 Nc5 18. Rab1 b5 19. c4 bxc4 20. bxc4 O-O
21. cxd5 Rfc8 22. d6 Qa5 23. Bf3 Nb3 24. Rxc8+ Rxc8 25. Rxb3 Qe1+ 26. Kh2 Qxf2
27. Qxa7 g5 28. Bg3 Qf1 29. Rb8 1-0

[Event "11. Lovsprings EMT Basis 2 2000"]
[Site "Ringsted"]
[Date "2000.05.05"]
[Round "6"]
[White "Wagner, Tim"]
[Black "Jensen, Arne Skov"]
[Result "1-0"]
[WhiteElo "1261"]
[BlackElo "1331"]
[PlyCount "93"]
[EventDate "2000.??.??"]

1. e4 c5 2. Bc4 Nc6 3. a3 Nf6 4. Nc3 e6 5. d3 a6 6. Bg5 Be7 7. Nf3 d6 8. h3 Nd7
9. Bf4 Nb6 10. Ba2 Bf6 11. Qd2 O-O 12. Rb1 e5 13. Bh2 Qe7 14. b4 cxb4 15. axb4
Be6 16. Nd5 Bxd5 17. exd5 Na7 18. Qe3 Qc7 19. Qd2 Nd7 20. O-O Nc8 21. c4 b5 22.
Rfc1 Qb6 23. Rc2 Ne7 24. Rbc1 Rfc8 25. Ng5 Bxg5 26. Qxg5 f6 27. Qg4 Nf8 28. c5
Qd8 29. d4 Kh8 30. dxe5 fxe5 31. c6 Rc7 32. Bg3 Nfg6 33. f3 Qf8 34. Bf2 Rb8 35.
Bb1 Nxd5 36. Rd2 Nf6 37. Qe6 Nf4 38. Qa2 N6d5 39. Rxd5 Nxd5 40. Qxd5 Rbc8 41.
Bb6 Rf7 42. Be4 g6 43. Ra1 Rf6 44. Rxa6 Qf7 45. c7 Rxc7 46. Bxc7 Qxc7 47. Qa8+
1-0

[Event "11. Lovsprings EMT Basis 2 2000"]
[Site "Ringsted"]
[Date "2000.05.12"]
[Round "7"]
[White "Carracher, Jim"]
[Black "Mortensen, Orla Lind"]
[Result "0-1"]
[WhiteElo "1320"]
[BlackElo "1404"]
[PlyCount "164"]
[EventDate "2000.??.??"]

1. e4 e6 2. Nf3 d5 3. e5 c5 4. c3 Nc6 5. Bb5 Bd7 6. Bxc6 Bxc6 7. d4 cxd4 8.
cxd4 Bb4+ 9. Nc3 Bb5 10. Bd2 Bc6 11. a3 Ba5 12. b4 Bb6 13. a4 a6 14. Rb1 Ne7
15. Bg5 O-O 16. O-O h6 17. Bf4 f6 18. exf6 Rxf6 19. Be5 Rf7 20. b5 Bd7 21. Qd2
Ba5 22. Bd6 Bxc3 23. Qxc3 axb5 24. axb5 Rc8 25. Bxe7 Qxe7 26. Qe3 Rf6 27. Ne5
Qe8 28. Nxd7 Qxd7 29. b6 Rc6 30. Rfc1 Qc8 31. Rc5 Rxc5 32. dxc5 Qc6 33. Rc1 Rg6
34. f3 Rg5 35. Qa3 Rf5 36. Kf2 Rf8 37. Qb4 Ra8 38. g4 Ra4 39. Qb3 Ra5 40. Qe3
Ra2+ 41. Kg3 Ra5 42. Re1 Rxc5 43. Qxe6+ Qxe6 44. Rxe6 Rb5 45. Re5 Kf7 46. h4
Kf6 47. Rf5+ Ke6 48. h5 Rxb6 49. Rf8 Ke7 50. Rg8 Kf7 51. Rd8 Rb5 52. Kf4 Ke6
53. Rg8 Rb4+ 54. Ke3 Kf7 55. Rc8 Rc4 56. Rb8 Rc7 57. Kd4 Ke6 58. Re8+ Re7 59.
Rd8 Rf7 60. Re8+ Kd7 61. Re3 Kd6 62. Rb3 Rf4+ 63. Ke3 Rf7 64. Kd4 Kc6 65. Rc3+
Kd6 66. Rb3 Rd7 67. Rb6+ Kc7 68. Rb5 b6 69. f4 Kc6 70. Rb3 Rb7 71. f5 Re7 72.
Re3 Rxe3 73. Kxe3 Kd6 74. Kf4 d4 75. g5 hxg5+ 76. Ke4 d3 77. f6 gxf6 78. h6 d2
79. h7 d1=Q 80. h8=Q Qd5+ 81. Ke3 Qe5+ 82. Kd3 Qg3+ 0-1

[Event "11. Lovsprings EMT Basis 2 2000"]
[Site "Ringsted"]
[Date "2000.05.12"]
[Round "7"]
[White "Jensen, Soren3"]
[Black "Larsen, Jesper Dyberg"]
[Result "0-1"]
[WhiteElo "1531"]
[BlackElo "1489"]
[PlyCount "84"]
[EventDate "2000.??.??"]

1. e4 c5 2. f4 Nc6 3. Nf3 d6 4. b3 Nf6 5. d3 e6 6. Bb2 b6 7. g3 Bb7 8. Bh3 d5
9. Nbd2 dxe4 10. Nxe4 Nxe4 11. dxe4 Qxd1+ 12. Rxd1 Nb4 13. O-O Bxe4 14. f5 c4
15. fxe6 Bc5+ 16. Kg2 O-O 17. exf7+ Kxf7 18. c3 Nd3 19. Rd2 b5 20. Bg4 Rad8 21.
Re2 Ba8 22. Kh3 Kg8 23. bxc4 bxc4 24. Rd2 Rd6 25. Ba1 Rh6+ 26. Kg2 Rg6 27. h3
Ne5 28. Re2 Nxg4 29. hxg4 Rgf6 30. Re5 Bb6 31. Rf5 Rxf5 32. gxf5 Rxf5 33. Bb2
g5 34. g4 Rf7 35. Bc1 h5 36. gxh5 g4 37. h6 Bxf3+ 38. Kg3 Bc7+ 39. Kh4 Rf5 40.
Bg5 Re5 41. Bf4 Bd8+ 42. Kg3 Re2 0-1

[Event "11. Lovsprings EMT Basis 2 2000"]
[Site "Ringsted"]
[Date "2000.05.12"]
[Round "7"]
[White "Jorgensen, Morten"]
[Black "Wagner, Tim"]
[Result "1-0"]
[WhiteElo "1519"]
[BlackElo "1261"]
[PlyCount "65"]
[EventDate "2000.??.??"]

1. d4 d5 2. c4 Bf5 3. Nc3 e6 4. Nf3 h6 5. Qb3 b6 6. cxd5 exd5 7. Nxd5 Be6 8.
Qa4+ c6 9. Nc3 Nf6 10. e4 b5 11. Qc2 a6 12. a3 Be7 13. Bd3 Nbd7 14. Be3 Nb6 15.
Ne5 Rc8 16. f4 Ng4 17. Nxg4 Bxg4 18. f5 f6 19. h3 Bh5 20. g4 Bf7 21. O-O-O a5
22. e5 Nd5 23. Bf2 fxe5 24. dxe5 Bg5+ 25. Kb1 Qc7 26. e6 Bg8 27. Nxd5 cxd5 28.
Qxc7 Rxc7 29. Bxb5+ Ke7 30. Rxd5 Bh7 31. Bc5+ Kf6 32. Re1 g6 33. Bd4+ 1-0

[Event "11. Lovsprings EMT Basis 2 2000"]
[Site "Ringsted"]
[Date "2000.05.12"]
[Round "7"]
[White "Krag Jacobsen, Alan"]
[Black "Christensen, Michael"]
[Result "1/2-1/2"]
[WhiteElo "1297"]
[BlackElo "1232"]
[PlyCount "56"]
[EventDate "2000.??.??"]

1. e4 c5 2. Nf3 Nc6 3. d4 cxd4 4. Nxd4 e5 5. Nb5 a6 6. Nd6+ Bxd6 7. Qxd6 Qe7 8.
Qd1 d6 9. Nc3 Be6 10. Be3 Qd7 11. Qd2 Nge7 12. Rd1 Nc8 13. Be2 O-O 14. O-O N6e7
15. f4 f6 16. fxe5 fxe5 17. Rxf8+ Kxf8 18. Bf2 Bg4 19. Bg3 Bxe2 20. Qxe2 Qc6
21. Qf3+ Kg8 22. Kh1 Nb6 23. Rf1 Ng6 24. Rd1 Rf8 25. Qd3 Na4 26. Nxa4 Qxa4 27.
Qd5+ Rf7 28. c3 Qd7 1/2-1/2

[Event "11. Lovsprings EMT Basis 2 2000"]
[Site "Ringsted"]
[Date "2000.05.12"]
[Round "7"]
[White "Orup, Kim Amdi"]
[Black "Petersen, Torben William"]
[Result "0-1"]
[WhiteElo "1364"]
[BlackElo "1393"]
[PlyCount "92"]
[EventDate "2000.??.??"]

1. e4 Nc6 2. Bc4 Nf6 3. Nc3 e5 4. Nf3 Bc5 5. d3 a6 6. Ng5 O-O 7. a3 d6 8. f4
Ng4 9. Nd5 Nf2 10. Qh5 h6 11. Be3 Bxe3 12. Nxe3 Nxh1 13. Nxf7 Rxf7 14. Bxf7+
Kh8 15. O-O-O exf4 16. Nf5 Bxf5 17. exf5 Nf2 18. Rf1 Nxd3+ 19. cxd3 Ne5 20. d4
Nxf7 21. Qxf7 Qg5 22. Qg6 Rf8 23. Qxg5 hxg5 24. g4 Re8 25. Kd2 Re3 26. h4 gxh4
27. Rxf4 Rg3 28. g5 h3 29. f6 gxf6 30. gxf6 Kg8 31. Rf2 Rg2 32. Ke1 Kf7 33.
Rxg2 hxg2 34. Kf2 g1=Q+ 35. Kxg1 Kxf6 36. Kf2 Kf5 37. Ke3 d5 38. b3 a5 39. b4
axb4 40. axb4 c6 41. Kf3 b5 42. Ke3 Kg4 43. Ke2 Kf4 44. Kd3 Kf3 45. Kd2 Ke4 46.
Kc3 Ke3 0-1

[Event "11. Lovsprings EMT Basis 2 2000"]
[Site "Ringsted"]
[Date "2000.05.12"]
[Round "7"]
[White "Pedersen, Kaj Vinding"]
[Black "Jensen, Dan Bronnum"]
[Result "1-0"]
[WhiteElo "1509"]
[BlackElo "1501"]
[PlyCount "41"]
[EventDate "2000.??.??"]

1. d4 d5 2. Nf3 Nf6 3. Bf4 e6 4. e3 Bd6 5. Ne5 Nbd7 6. Be2 c6 7. O-O Qc7 8.
Nxd7 Bxd7 9. Bxd6 Qxd6 10. c4 b6 11. Nc3 dxc4 12. Bxc4 Qb4 13. Qb3 Qd6 14. Be2
O-O 15. Bf3 Rac8 16. Rfd1 Qb8 17. Rac1 e5 18. Ne4 Nxe4 19. Bxe4 exd4 20. Rxd4
c5 21. Rxd7 1-0